000 00760nam a2200229Ii 4500
003 JO-AjNU
008 230605s9999||||xx |||||||||||||| ||und||
017 _a2009/6/2507
020 _a9957-16-545-1
040 _aJO-AjNU
_bara
_erda
_cJO-AjNU
041 _aara
050 1 4 _aJX1954.F38.2010
100 3 _a الفتلاوي ،سهيل حسين ,
_eauthor
_925796
245 0 0 _aمبادئ المنظمات الدولية العالمية والإقليمية
250 _aط1
264 3 1 _aعمان : دار الثقافة ، 2010
300 _a366ص
336 _atext
_btxt
_2rdacontent
337 _aunmediated
_bn
_2rdamedia
338 _avolume
_bnc
_2rdacarrier
650 4 _aالمنظمات الدولية -- القانون الدولي
_925797
999 _aA9695
_c13263
_d13263